15 principales países con muertes de Covid-19 - 25 agosto - Estadísticas

Estadísticas generales
  • Esta prueba ha sido intentada 8 veces
  • La puntuación promedio es 13 de 20
Estadísticas de respuestas
país % Correcto
España
100%
Italia
100%
Estados Unidos
88%
Francia
88%
México
88%
Rusia
88%
Suecia
88%
Brasil
75%
Colombia
75%
India
75%
Reino Unido
75%
Bolivia
63%
Chile
63%
Perú
63%
Bélgica
38%
Países Bajos
38%
Sudáfrica
38%
Panamá
25%
Ecuador
13%
Irán
13%
No se encontraron pruebas coincidentes
Distribución de puntuación
Porcentaje de gente con cada puntuación
Porcentaje por número respondido
Historial de tus puntuaciones
No has intentado esta prueba.